Journal of Polymer Science. Part C. Polymer Symposium (Record no. 1218)

MARC details
000 -LEADER
fixed length control field 00415nam a2200133Ia 4500
022 ## - INTERNATIONAL STANDARD SERIAL NUMBER
ISSN 0360-8905
245 #0 - TITLE STATEMENT
Title Journal of Polymer Science. Part C. Polymer Symposium
260 ## - PUBLICATION, DISTRIBUTION, ETC. (IMPRINT)
Name of publisher John Willey and Sons
Place of publication New York
500 ## - GENERAL NOTE
General note Ending Volume & Year: 7, 1973
500 ## - GENERAL NOTE
General note Missing Volume: 17;21-53;59-63;66-71
500 ## - GENERAL NOTE
General note Starting Volume & Year: 1, 1963
942 ## - ADDED ENTRY ELEMENTS (KOHA)
Koha item type Bound Journal
Holdings
Withdrawn status Lost status Damaged status Not for loan Home library Current library Date acquired Accession Number Koha item type
      Bound journals RRII Library RRII Library 31/12/2021 01207J Bound Journal